| 000 | 01030cam a2200277 a 4500 | ||
|---|---|---|---|
| 001 | 87 | ||
| 003 | BR-CuiBMT | ||
| 005 | 20231111001602.0 | ||
| 008 | 230810s2020 mgba 000 0 por d | ||
| 020 | _a9788545007647 | ||
| 040 |
_aBR-CuiBMT _cBR-CuiBMT |
||
| 080 |
_22007 _a351.712 |
||
| 090 |
_a351.712 _bO48p |
||
| 100 | 1 | _aOliveira, Rafael Sérgio Lima de | |
| 245 | 1 | 0 |
_aPregão eletrônico : _bcomentários ao decreto federal n° 10.024/2019 / _cRafael Sérgio Lima de Oliveira, Victor Aguiar Jardim de Amorim ; prefácio, Fabrício Macedo Motta. |
| 260 |
_aBelo Horizonte : _bFórum, _c2020. |
||
| 300 |
_a263 p. : _bil. ; _c22 cm |
||
| 504 | _aInclui bibliografia. | ||
| 590 | _8A Biblioteca possui 2. reimpr. 2020. | ||
| 610 |
_aBrasil. _tDecreto n. 10.024, de 20 de setembro de 2019 |
||
| 650 |
_aPregão eletrônico _vLegislação _zBrasil |
||
| 650 |
_aPregoeiro _xDireitos e deveres _zBrasil |
||
| 650 |
_aSanção administrativa _xLicitação _zBrasil |
||
| 700 | 1 | _aAmorim, Victor Aguiar Jardim de | |
| 942 |
_2udc _cLV |
||
| 999 |
_c87 _d87 |
||